| 000 | 006920000a22002410004500 | ||
|---|---|---|---|
| 003 | LK-CoMWRAF | ||
| 005 | 20231030125245.0 | ||
| 008 | 230817t2000 ||||| |||| 00| 0 eng d | ||
| 020 | _a0195655265 | ||
| 040 |
_aLK-CoMWRAF _dLK-CoMWRAF _eLK-CoMWRAF |
||
| 041 | _aeng | ||
| 082 |
_a330.01 _bSEN |
||
| 100 | _aSen, Amartya | ||
| 245 | _aDevelopment as Freedom | ||
| 260 |
_aNew Delhi: _bOxford University Press, _c2000 |
||
| 300 |
_axvi, 366 p. ; 24 cm. _bIndex included |
||
| 490 | _aOxford India paperbacks | ||
| 650 | _aLIBERTY | ||
| 650 | _aFree enterprise. | ||
| 650 | _aEconomic development--Social aspects | ||
| 650 | _aDeveloping countries--Economic conditions. | ||
| 942 | _cBK | ||
| 999 |
_c3083 _d3083 |
||